000 00377nam a2200133Ia 4500
008 191201s2007 xx 000 0 und d
082 _a488.9
_bLAC
100 _aLALA,Pushp
245 0 _aCOMMUNICATE OR COLLAPSE A HANDBOOK OF EFFECTIVE PUBLIC SPEAKING, GROUP DISCUSSIONS AND INTERVIEWS
260 _aN.Delhi
_bPHI
_c2007
300 _a290
650 _aApplied
942 _2ddc
_cBK
999 _c4278
_d4278